000 01637nam a2200325 a 4500
001 ebr10194700
003 CaPaEBR
006 m u
007 cr cn|||||||||
008 031005s2004 ilua sb 001 0 eng
020 _z0838908721 (pbk. : alk. paper)
040 _aCaPaEBR
_cCaPaEBR
035 _a(OCoLC)55696930
050 1 4 _aZ674.75.W67
_bW55 2004eb
082 0 4 _a025.04
_222
100 1 _aWilson, A. Paula.
245 1 0 _aLibrary Web sites
_h[electronic resource] :
_bcreating online collections and services /
_cA. Paula Wilson.
260 _aChicago :
_bAmerican Library Association,
_c2004.
300 _axiv, 146 p. :
_bill.
504 _aIncludes bibliographical references (p. 133-140) and index.
505 0 _aPlanning your Web site -- Information architecture -- Internet marketing: promoting the library -- Digital reference collections and services -- Library catalogs and portals -- Licensed databases and electronic books -- Reader services -- Content for specific audiences -- Library websites: where do we go from here?
533 _aElectronic reproduction.
_bPalo Alto, Calif. :
_cebrary,
_d2013.
_nAvailable via World Wide Web.
_nAccess may be limited to ebrary affiliated libraries.
650 0 _aLibrary Web sites.
650 0 _aLibraries
_xSpecial collections
_xElectronic information resources.
650 0 _aElectronic reference services (Libraries)
650 0 _aDigital libraries.
655 7 _aElectronic books.
_2local
710 2 _aebrary, Inc.
856 4 0 _uhttp://site.ebrary.com/lib/rucke/Doc?id=10194700
_zAn electronic book accessible through the World Wide Web; click to view
999 _c220522
_d220522